00530nam a22001697a 4500003000400000005001700004008004100021020001500062040002900077050002300106100002000129245004900149260004200198300003100240650005800271650003100329OSt20260629152310.0260629b |||||||| |||| 00| 0 eng d a1889636428 cChuka University Library aLB 1027b.S58 2012 aSitsch, Gwen M. aPuzzle Pieces: Classroom Guidance Connection aSouth CarolinabYouth Light incc2012 avarious pagesbIllustrated aCounseling in elementary education-handbooks, manuals aTeaching -Aids and devices